| 000 | 00643nam a2200205Ia 4500 | ||
|---|---|---|---|
| 999 |
_c45241 _d45241 |
||
| 003 | GCL | ||
| 005 | 20240530104156.0 | ||
| 008 | 140319s9999 xx 000 0 ara d | ||
| 040 |
_aGCL / _cGCL |
||
| 082 | 0 | 4 |
_a212 _bع ا |
| 100 | 1 | _aعبدالودود شلبى | |
| 245 | 1 | 0 |
_aاجابات حاسمة الى الاخت الفرنسية المسلمة / _cعبادة كحيلة |
| 300 | _a222 ص | ||
| 650 | 0 | 4 | _aالاسلام |
| 650 | 0 | 4 | _aالاخلاق الاسلامية |
| 650 | 0 | 4 | _aالاداب الاسلامية |
| 650 | 0 | 4 | _aالاسلام - مبادىء عامة |
| 700 | 1 | _aعبدالودود شلبى | |
| 942 |
_2ddc _cBK |
||